| 000 | 01310nam a2200349 i 4500 | ||
|---|---|---|---|
| 003 | DO-SdBNP | ||
| 005 | 20241126083759.0 | ||
| 007 | ta | ||
| 008 | 240405b2007 dr a|||| |||| 00| 0 spa d | ||
| 020 | _a978945405774 | ||
| 040 |
_aDO-SdBNP _bspa _cBNPHU _erda |
||
| 041 | _hspa | ||
| 082 | 4 | _222 | |
| 100 |
_aDarío Féliz, Welnel, _d1974- _eautor _4aut. _945009 |
||
| 245 | 1 | 0 |
_aHistoria de los cambios de nombres de pueblos en la República Dominicana / _cWelnel Darío Féliz ; prólogo, Nelson Enrique Díaz ; corrección, Juani Uribe, Berty Álvarez |
| 250 | _aPrimera edición | ||
| 264 | 4 |
_aSanto Domingo : _bManatí, _c2007. |
|
| 300 |
_a195 páginas : _bilustraciones ; _c23 cm. |
||
| 336 |
_atexto _btxt _2rdacontent |
||
| 337 |
_asin mediación _bn _2rdamedia |
||
| 338 |
_avolumen _bnc _2rdacarrier |
||
| 500 | _aIncluye datos biográficos del autor en las solapas | ||
| 500 | _aIncluye índice onomástico | ||
| 500 | _aIncluye referencias bibliográficas y notas al pie de las páginas | ||
| 504 | _aBibliografía : páginas 171-173 | ||
| 590 | _aInventariado, 2024/BT | ||
| 700 | 1 |
_aDíaz, Nelson Enrique, _eprologuista _4pr. _985147 |
|
| 700 | 1 |
_aUribe, Juani, _ecorrector _985148 _4corr. |
|
| 700 | 1 |
_aÁlvarez, Berty _ecorrector _985149 _4corr. |
|
| 910 | _aBtavárez | ||
| 942 |
_2ddc _cLBS1 |
||
| 999 |
_c56272 _d56272 |
||